00621nam a22001937a 4500003000500000020001500005038001200020082001800032100003300050245002900083260003800112300002300150500001500173563000700188942001200195999001700207952010200224952010100326NUST a8176498637 akhadija a621.4021bMCQ aMcquarrie, Donald A. 961641 aMolecular Thermodynamics aNew Delhi : bViva Books,c2004. a656 p : , b24 cm. aPaperback. aPB cBK2ddc c33591d33591 00102ddc4070aSMMEbSMMEcGENd2016-05-06o621.4021 MCQpSMME-2710r2018-04-05w2016-05-06yBK 00102ddc4070aSMMEbSMMEcGENd2016-05-16o541.369 MCQpSMME-2980r2018-04-05w2016-05-16yBK